00453nam a2200157Ia 4500003000400000008004100004040001600045082001800061100003200079245005800111300001000169490003900179650003000218650001500248650003200263GCL140319s9999 xx 000 0 ara d aGCL / cGCL04a614.59bع ل1 aعبدالمحسن صالح10aلماذا نموت ? / cعبدالمحسن صالح a96 ص aالمكتبة الثقافيةv004aالحياة الاخرى04aالموت04aالفقه الاسلامى